[Event "Vidmar Memorial"]
[Site "Portoroz"]
[Date "1993.??.??"]
[Round "?"]
[White "Grosar, Aljosa"]
[Black "Sokolov, Ivan"]
[Result "1/2-1/2"]
[WhiteElo "2480"]
[BlackElo "2640"]
[Annotator "Hansen,Cu"]
[PlyCount "67"]
[EventDate "1993.06.??"]
[EventType "tourn"]
[EventRounds "11"]
[EventCountry "SLO"]
[EventCategory "12"]
[SourceTitle "CBM 037"]
[Source "ChessBase"]
[SourceDate "1993.12.01"]
[SourceVersion "1"]
[SourceVersionDate "1993.12.01"]
[SourceQuality "1"]

1. e4 {Schussler} e5 2. Nf3 Nc6 3. d4 exd4 4. Nxd4 Nf6 (4... Bb4+ {Schussler}
5. c3 Be7 6. Bc4 d6 $5 {6. - Nf6} 7. Qb3 Nf6 {7. - Ne5} 8. Bxf7+ Kf8 {+/=/+/-})
(4... Bc5 {Schussler} 5. Nb3 (5. Be3 Qf6 6. c3 Nge7 7. Bc4 Ne5 8. Be2 d5 9. O-O
O-O 10. Nd2 Bb6 11. a4 N5c6 $1 $10 {Blatny,P-Malaniuk,V, Pardubice 1993}) 5...
Bb6 6. a4 a6 7. Nc3 d6 8. Nd5 Ba7 9. Be3 Bxe3 10. Nxe3 Nf6 11. Bd3 O-O 12. O-O
Re8 13. f3 Be6 14. c4 $1 $14 {Van der Wiel,J-Winants, Antwerpen 1993}) 5. Nxc6
(5. Nc3 {Schussler} Bb4 6. Nxc6 bxc6 7. Bd3 d6 $6 8. Bg5 h6 9. Bh4 Qe7 10. O-O
g5 11. Bg3 Ng4 12. Bb5 $1 {Arkhipov,S-Muhamedzjano Nabereznye, Chelny 1993})
5... bxc6 6. e5 Qe7 7. Qe2 Nd5 8. c4 Nb6 9. Nd2 a5 10. Qe4 (10. g3 Qe6 (10...
a4 11. f4 Ba6 12. b3 Qb4 13. Qd3 Qa5 14. Bb2 Bb4 15. Qc2 d5 $13 {Zapata,
A-Sisniega,M/Linares NL/1992/}) 11. Bg2 Bb4 12. O-O Bxd2 13. Bxd2 Nxc4 14. Bc3
$44 {Borge,N-Fedorov,V/Taastrup B/1992/}) (10. h4 a4 11. g3 Ra5 12. f4 Ba6 $15
{Shirov,A-Agdestein,S/Oslo m/1992/}) 10... Na4 (10... Ba6 11. b3 Qe6 12. Bd3
O-O-O 13. O-O Bb7 14. Qf4 h6 15. Bf5 $16 {Schmidt,W-Tolush,A/Polanica Zdroj/
1964/}) (10... d5 11. exd6 cxd6 12. Bd3 f5 13. Qxe7+ Bxe7 14. O-O Bf6 15. c5
dxc5 16. Nc4 Nxc4 17. Bxc4 Ba6 $10 {Handoko,E-Tisdall,J/Gausdal AC/1992/}) (
10... a4 11. Bd3 g6 12. O-O Bg7 13. Nf3 O-O 14. Re1 Bb7 15. Bg5 f6 16. Bh4 Rae8
$10 {Grosar,A-De Asis Dirceu,V/Biel op/1993/}) (10... g6 11. Bd3 Na4 12. Nb3 (
12. O-O Nc5 13. Qe2 Bg7 14. Nf3 Ne6 15. h4 O-O 16. h5 d6 17. hxg6 hxg6 18. exd6
Qxd6 19. Rd1 Nf4 20. Bxf4 Qxf4 21. Qe4 Qxe4 22. Bxe4 Rb8 $10 {Lau,R-Emms/
Copenhagen open/1992/}) 12... Bg7 13. O-O O-O 14. Re1 Bb7 15. Rb1 f5 16. exf6
Qxf6 17. Be3 Rae8 18. Qg4 $16 {Lau,R-Emms/Copenhagen Rapid/1992/}) 11. Be2 Nc5
12. Qe3 g6 13. O-O Bg7 14. Nf3 Ne6 15. Re1 (15. Bd2 $5 {/\Bc3 קa5,קe5,><d4})
15... O-O 16. Bd2 Bb7 17. Bc3 c5 $10 18. Rad1 (18. a4 $5 {קa5}) 18... a4 19.
Bd3 {/\Be4+/=} a3 20. b3 Bxf3 21. Qxf3 Nd4 22. Bxd4 (22. Qe3 Rfe8 23. f4 d6 $10
) 22... cxd4 23. Qd5 c5 24. f4 Kh8 25. Re2 (25. f5 Bh6 $15) 25... Rac8 26. Rf1
Bh6 27. g3 (27. f5 $2 Be3+ 28. Kh1 Rce8 $17) 27... Qe6 28. Qf3 {/\Be4-d5} d6
29. Kg2 dxe5 30. Rxe5 Qb6 31. Rfe1 Qb4 32. h4 Bg7 33. R5e2 (33. Re7 Bf6 $10)
33... Qb8 {/\Rfe8} 34. Qd5 {Hansen,Cu} 1/2-1/2

[Event "Biel"]
[Site "Biel"]
[Date "1992.??.??"]
[Round "13"]
[White "Lautier, Joel"]
[Black "Beliavsky, Alexander G"]
[Result "0-1"]
[WhiteElo "2580"]
[BlackElo "2595"]
[Annotator "Hansen,Cu"]
[PlyCount "106"]
[EventDate "1992.07.??"]
[EventType "tourn"]
[EventRounds "14"]
[EventCountry "SUI"]
[EventCategory "16"]
[SourceTitle "CBM 031"]
[Source "ChessBase"]
[SourceDate "1992.12.01"]
[SourceVersion "1"]
[SourceVersionDate "1992.12.01"]
[SourceQuality "1"]

1. e4 e5 2. Nf3 Nc6 3. d4 exd4 4. Nxd4 Nf6 5. Nxc6 bxc6 6. e5 Ne4 7. Qd4 $6 (7.
Bd3 Nc5 8. Be3 (8. O-O d5 9. f4 f5 10. Nc3 g6 11. Ne2 Ne6 12. Be3 $14 {
Mieses-Bernstein Ostende 1907}) 8... Nxd3+ 9. cxd3 $6 Bb4+ 10. Nc3 O-O 11. O-O
Qe7 12. f4 d5 13. d4 f6 $6 (13... Bxc3 14. bxc3 Bf5 $10) 14. Qc2 $14 {
Taubenhaus-Minckwitz DSB 4.Kongres 1885}) (7. Qf3 Ng5 (7... f5 8. Nd2 Qe7 9.
Qxf5 d5 10. Qf4 g5 11. Qe3 Qxe5 12. Nxe4 dxe4 13. Bd2 Rb8 14. Be2 g4 15. O-O
Bd6 16. g3 Bc5 17. Bc3 Qf5 18. Qh6 $16 {Velez-Gomez,F Camaguey 1988}) (7... Qh4
8. g3 Ng5 9. Qe2 Qe4 10. Bxg5 Qxh1 11. Nc3 Bb4 12. O-O-O Bxc3 13. bxc3 Qxh2 14.
Qf3 O-O 15. Bd3 f6 16. Rh1 Qxh1+ (16... fxg5 17. Bc4+) 17. Qxh1 fxg5 18. Qxh7+
Kf7 19. Qg6+ {1-0 Huenerkopf-Klundt BL 1983}) 8. Qg3 Ne6 9. Bd3 d6 10. O-O dxe5
11. Qxe5 Qd6 12. Bf4 Qxe5 13. Bxe5 Bd6 14. Re1 O-O 15. Nd2 Rb8 16. Nc4 Bc5 17.
c3 $14 {Fabian-Pinkas Trnava Open 1990}) (7. Be3 d5 8. exd6 cxd6 9. Bd3 Nf6 10.
O-O Be7 11. c4 O-O $10 {Timman-Kortjnoj Sarajevo 1984 (inf 37/(343))}) (7. Nd2
Nxd2 8. Bxd2 d5 9. Bd3 Rb8 10. b3 g6 11. O-O Bg7 12. Qc1 O-O 13. Bg5 f6 14.
exf6 Bxf6 15. Bxf6 Qxf6 16. Qe3 $14 {Rewitz,P-Bank Friis,C DK 1992}) 7... f5 {
/\Bc5} (7... Nc5 $5) 8. f3 Bc5 9. Qc4 d5 $8 10. Qa4 (10. exd6 Bf2+ 11. Ke2 Nxd6
$17) 10... O-O $17 11. Qxc6 (11. fxe4 fxe4 $17 {עe1}) (11. Bd3 $2 Qh4+ 12. g3
Bf2+ 13. Kd1 $8 Bxg3 $17) 11... Qh4+ 12. g3 $8 (12. Ke2 Qf2+ 13. Kd1 Qd4+ 14.
Ke2 (14. Bd2 Nf2+ 15. Kc1 Nxh1 16. Qxa8 Ba6 $19) 14... Qc4+ 15. Kd1 Nf2+ 16.
Ke1 Bb4+ $19) 12... Nxg3 13. hxg3 Qxg3+ 14. Kd2 Qxf3 {/\15. - Be3+ -+} 15. Qxc5
$8 (15. Qxa8 Be3+ $19) 15... Qxh1 16. Qf2 Qh6+ (16... f4 $2 17. Bg2) 17. Kd1 f4
{/\Bg4+} 18. Qf3 c6 19. Bd2 g5 $1 $19 20. Nc3 g4 21. Qg2 Qh4 22. Be1 (22. Nxd5
f3 $19) 22... Qg5 {/\h7-h5-h4//\g3+Bg4+} 23. Qh1 g3 24. Bd3 h5 $6 (24... Bg4+
$1 25. Kc1 (25. Ne2 h5 $19) 25... f3+ 26. Kb1 Bh5 $19 {/\f2}) 25. Nxd5 g2 26.
Ne7+ Kf7 27. Qg1 Bg4+ 28. Kc1 f3+ 29. Kb1 Qxe7 30. Qe3 Ke8 31. Bf2 Bf5 32. Bc4
Rd8 33. a3 h4 $2 (33... Rd1+ 34. Ka2 Rxa1+ 35. Kxa1 h4 $19) 34. Ka2 Be6 35. Qe4
Bxc4+ 36. Qxc4 h3 37. Bh4 Qd7 $2 (37... f2 $1 38. Bxe7 (38. Qxc6+ Qd7 $19)
38... f1=Q 39. Qxc6+ Kxe7 40. Qc7+ Ke6 41. Qc6+ Kf5 $19) 38. Rd1 $1 g1=Q $8 39.
Rxd7 (39. Rxg1 Qd5) 39... Kxd7 40. e6+ Kc7 41. e7 Rde8 42. exf8=Q Rxf8 43. Qb4
Qg8+ 44. b3 Rf7 45. Bf2 Qg6 46. Qc4 Kb7 47. Bg3 (47. Qb4+ Ka8) 47... a5 48. Bf2
h2 49. Qc5 Kc8 50. Qc4 h1=Q 51. Qa6+ Rb7 52. Qa8+ Kc7 53. Qxa5+ Kd7 {Hansen,Cu}
0-1

[Event "Reunion op 09th"]
[Site "Reunion"]
[Date "2007.10.20"]
[Round "8"]
[White "Vitoux, Colomban"]
[Black "Wantiez, Fabrice"]
[Result "1-0"]
[WhiteElo "2394"]
[BlackElo "2300"]
[Annotator "Hauchard,A"]
[PlyCount "179"]
[EventDate "2007.10.14"]
[EventType "swiss"]
[EventRounds "9"]
[EventCountry "FRA"]
[SourceTitle "EXT 2012"]
[Source "ChessBase"]
[SourceDate "2011.11.24"]
[SourceVersion "1"]
[SourceVersionDate "2011.11.24"]
[SourceQuality "1"]

1. e4 e5 2. Nf3 Nc6 3. d4 exd4 4. Nxd4 Bb4+ {Un coup qu'affectionnait le grand
tony Miles} 5. c3 Bc5 6. Be3 Bb6 7. Nf5 {Très solide mais néanmoins moins
ambitieux que Fou c4} Bxe3 8. Nxe3 Nf6 {Proposition de nulle de Fabrice qui a
égalisé} 9. f3 O-O 10. c4 d6 11. Nc3 Nd7 (11... Be6 $5 12. Be2 Nh5 13. g3 $13)
12. Be2 Nc5 13. O-O a5 14. Qd2 f5 $5 15. exf5 Bxf5 16. Nxf5 Rxf5 17. f4 Kh8 18.
Rae1 Rf7 19. Nd5 Ne4 $6 (19... Nb4 $5 $11) 20. Qe3 Nf6 21. Bd3 $6 (21. Bf3 $14)
21... Nb4 22. Qe6 Qf8 23. Bb1 Re8 24. Qh3 Nbxd5 25. cxd5 Rfe7 $1 $11 26. Re6 $5
{Ambitieux! Colomban montre qu'il n'est pas la pour faire de la figuration}
Rxe6 27. dxe6 d5 28. Bg6 $5 {Objectivement les noirs doivent prendre la nulle
dans cette position mais Fabrice va en décider autrement} (28. f5 $5 Qc5+ 29.
Kh1 Qc4 30. Qf3 {je préfère jouer cette positon avec les blancs meme si les
noirs ne sont pas sans contre jeu} c5 $5 $13) 28... Qc5+ 29. Kh1 Qc4 30. Re1
Qb4 31. Rf1 Qc4 32. Re1 {Ici Fabrice aurait du répèter les coups} Re7 33. Qh4
$4 (33. g4 $5 Qxf4 $1 34. Rf1 Qg5 35. Qa3 $1 Qxg6 36. Qxe7 Qe4+ 37. Kg1 Qxg4+
38. Kh1 Qe4+ $11) 33... Qb4 $4 (33... Rxe6 $19) 34. h3 Qd6 $6 (34... Qd2 $5)
35. Bf7 $2 (35. f5 c5 36. Rf1 d4 37. g4 $36) 35... d4 $2 (35... Qb4 36. Qf2 Ne4
37. Qh4 Nf6 38. Re2 Qc4 $11) 36. Qf2 c5 37. b3 Qd5 38. Re5 Qd6 39. Kh2 (39. Qd2
$14) 39... d3 $2 (39... h6 40. Qc2 b6 41. a4 $14) 40. Qxc5 $1 {Fabrice craque
complètement et va perdre ici sa chaine de pions} Qxc5 41. Rxc5 g6 42. Rc8+ Kg7
43. Rd8 $1 $16 Ne4 44. Rxd3 Nc5 45. Rd5 b6 46. Rd6 Rb7 47. Be8 Kf6 48. Bc6 Rb8
49. Bd5 b5 50. g3 (50. g4 $1) 50... g5 $2 51. Rc6 Nd3 52. fxg5+ Ke5 53. Bg2 $18
{C'est maintenant facilement gagnant mais Colomban va sadiquement prendre son
temps ...} Nb4 54. Rc1 $2 (54. e7 {terminait la partie tout de suite} Re8 55.
Rc5+ Kd6 56. Rxb5 $18) 54... Kxe6 55. Re1+ Kf7 56. Rf1+ Kg7 57. a3 Nc2 58. a4
b4 $6 (58... bxa4 59. bxa4 Rb4 60. Rc1 $1 Ne3 61. Bc6 $16) 59. h4 Re8 60. Rf6
Nd4 61. Bd5 Re2+ 62. Kh3 h5 {Avec la vague idée de mettre un cavalier en g4
pour mater avec tour h2} 63. Rf7+ Kg6 64. Rf6+ Kg7 65. Rf7+ Kg6 66. Rf4 {
Colomban était mal a la pendule et il gagne donc du temps avec l'incrément en
répètant la position} Rd2 67. Bf7+ Kg7 68. Bc4 Nc2 69. Re4 Rf2 70. Re7+ Kf8 71.
Re4 Kg7 72. Rf4 Rd2 73. g4 {Si libèrant complètement des menaces ! avec deux
pions passés la cause est entendu} Ne3 74. Rf7+ Kh8 75. Rf8+ Kh7 76. Rf7+ Kh8
77. gxh5 {Encore un gain de temps avec la répètition} Nxc4 78. bxc4 Rc2 79. h6
{Les noirs auraient pu abandonner mais le manque de temps des blancs a pousser
Fabrice a continuer} Rxc4 80. g6 Rc8 81. Rh7+ Kg8 82. Rg7+ Kh8 83. Rh7+ Kg8 84.
Rb7 {Une habitude chez Colomban de gagner du temps en répètant la position!}
Rc3+ 85. Kg4 Rc4+ 86. Kf5 Rc5+ 87. Ke4 Rc8 88. Kd3 Rd8+ 89. Kc2 Rf8 90. h7+ {
Une partie qui aurait du etre nulle mais l'ambition n'est pas payante dans ce
tournoi ...} 1-0

[Event "EU-Cup 30th"]
[Site "Bilbao"]
[Date "2014.09.17"]
[Round "4.1"]
[White "Nepomniachtchi, Ian"]
[Black "Ganguly, Surya Shekhar"]
[Result "1-0"]
[WhiteElo "2710"]
[BlackElo "2614"]
[Annotator "Havasi,G"]
[PlyCount "71"]
[EventDate "2014.09.14"]
[EventType "team-swiss"]
[EventRounds "7"]
[EventCountry "ESP"]
[SourceTitle "CBM 163"]
[Source "ChessBase"]
[SourceDate "2014.11.11"]
[SourceVersion "1"]
[SourceVersionDate "2014.11.11"]
[SourceQuality "1"]
[WhiteTeam "SHSM-64"]
[BlackTeam "Solvay"]
[WhiteTeamCountry "RUS"]
[BlackTeamCountry "ESP"]

1. e4 e5 2. Nf3 Nc6 3. d4 exd4 4. Nxd4 Nf6 5. Nxc6 bxc6 6. e5 Qe7 7. Qe2 Nd5 8.
c4 Ba6 9. Nd2 (9. b3 {is the most popular move.}) 9... g6 (9... O-O-O {is
another complicated line.}) 10. Nf3 Nb6 {And Black chooses this rare move.} ({
Nepomniachtchi had a game with the most popular} 10... Qb4+ 11. Kd1 Nb6 12. b3
Bg7 13. Qd2 Qe7 (13... Qxd2+ 14. Bxd2 O-O 15. c5 Bxf1 16. Rxf1 Nd5 17. Rc1 f6
18. exf6 Rxf6 $13 {Caruana-Jakovenko, Rhodes 2013}) 14. Bb2 O-O 15. Kc2 c5 16.
h4 d5 17. exd6 Qxd6 18. Bxg7 Qxd2+ 19. Nxd2 Kxg7 20. Ne4 $14 {
Nepomniachtchi-Svidler, Moscow 2010}) 11. b3 Bg7 12. Bb2 $146 {This is a
novelty on the highest level.} ({There was a game with} 12. g3 {, but after}
O-O 13. Bg2 f6 14. e6 f5 15. Bg5 Qb4+ 16. Bd2 Qa3 $36 {Black had a nice
initiative in Salgado Lopez-Harikrishna, Caleta 2014.}) 12... O-O 13. O-O-O
Rab8 {This is a tricky move, Black is threatening to play Bxc4.} (13... c5) (
13... Bb7 {and}) (13... Rfe8 {were interesting moves, it's hard to tell which
one is the best: White will play h4 and Qd2 followed by Bd3 in all cases.}) 14.
Qd2 {White wants to put his Q on a5.} (14. h4 $2 Bxc4 $1 $19) (14. Qe3 {
Avoiding ...Bxc4} c5 15. h4 $1 Rfe8 $13 ({If} 15... h5 {White has the
possibility of} 16. g4 $1 (16. Bd3 d5 $1 {equalises}) 16... Na4 $1 17. Ba1 $3 (
17. bxa4 Bb7 $1 18. Be2 hxg4 19. Nd2 Bxh1 20. Rxh1 Rfe8 $13))) 14... Rfd8 (
14... c5 15. h4 Bb7 {transposes to 14...Bb7}) (14... Bb7 15. h4 (15. Bd3 c5 16.
Rhe1 $13) 15... c5 16. Re1 h5 $13 (16... d6 17. h5 $36)) 15. Qa5 Bb7 16. c5 $1
{After this move Black will have an isolated P in the event of d6.} Nd5 17. Bc4
d6 (17... Bf8 18. Ba3 {is good for White as well.}) 18. cxd6 cxd6 19. Rhe1 dxe5
20. Bxe5 Bxe5 21. Rxe5 (21. Nxe5 {was also good} Qd6 22. g3 $14) 21... Qf8 22.
Bxd5 cxd5 {Let's take a look at the position after the exchanges. Black has B
vs a N, but he has an isolated P which is restricting the B. Black has an open
c-file and may have threats agains the white K. However, White will be able to
block the P, so the question is whether Black's activity can compensate for
the isolated P or not.} 23. Rd4 $5 {This seems to be a bit strange, because
the N should occupy the d4-square and the R leaves the 1st rank.} (23. Kb1 d4
$1 $132) (23. Qxa7 d4 $1 $132) ({In my opinion the best move is} 23. Nd4 $5
Qh6+ (23... Qg7 24. Re7 Qf6 25. Qe1) 24. Qd2 Qxh2 25. g3 $36 {and despite
being a pawn down, White has a nice position because of the other positional
factors.}) 23... Rdc8+ 24. Kb2 Rc5 $6 (24... Qd6 {was also possible}) (24... a6
{seems to be the most flexible, however after Re2, the position is also
double-edged.}) 25. Qxa7 $1 {White has to take the pawn.} (25. Qd2 Rbc8 26. Re1
Qd6 $13) 25... Rc6 26. Ra4 $1 (26. Qa5 $5 {was also good} Rbc8 (26... Ra6 27.
Qb4 $16) 27. Ne1 $1 $14 (27. Re2 $14)) 26... Rbc8 27. Re2 $1 (27. Ne1 Qd6 28.
Qd4 Rc1 {and Black seems to have enough counterplay.}) 27... Ba6 $4 {After
this blunder the game is over.} (27... R6c7 28. Qe3 $14 (28. Qd4 Qd6 {and
Black is just in time to create counterplay with the threat of Qc6.})) 28. Rxa6
$18 R8c7 29. Qa8 Rxa6 30. Qxa6 Qc5 31. a4 Qc1+ 32. Ka2 Rc2+ 33. Rxc2 Qxc2+ 34.
Ka3 Qc5+ 35. Kb2 Qxf2+ 36. Kc3 1-0

[Event "Dhaka"]
[Site "Dhaka"]
[Date "1995.??.??"]
[Round "10"]
[White "Sevillano, Enrico"]
[Black "Krasenkow, Michal"]
[Result "0-1"]
[WhiteElo "2440"]
[BlackElo "2575"]
[Annotator "Hecht,H"]
[PlyCount "118"]
[EventDate "1995.??.??"]
[EventType "tourn"]
[EventRounds "13"]
[EventCountry "BAN"]
[EventCategory "9"]
[SourceTitle "CBM 048"]
[Source "ChessBase"]
[SourceDate "1995.10.01"]
[SourceVersion "1"]
[SourceVersionDate "1995.10.01"]
[SourceQuality "1"]

1. e4 e5 2. Nf3 Nc6 3. d4 exd4 4. Nxd4 Nf6 5. Nxc6 bxc6 6. Bd3 d5 7. exd5 cxd5
8. O-O Be7 9. Nc3 O-O 10. Bg5 Be6 11. Qf3 h6 12. Bxf6 Bxf6 13. Na4 Rb8 14. Rab1
Qd6 15. b3 c5 16. Rbd1 Rb4 17. Bc4 Qe5 18. Rfe1 Qg5 19. Be2 Rf4 20. Qg3 Bd4 21.
Bf3 Qf6 22. c3 Be5 23. Nxc5 Re4 24. Nxe6 Bxg3 25. Nxf8 Rxe1+ 26. Rxe1 Qxc3 27.
Rd1 Bd6 28. Nd7 d4 29. Be4 Kh8 30. b4 Qxb4 31. Rc1 g6 32. Nf6 Bxh2+ 33. Kh1 Bd6
34. Rc8+ Bf8 35. Nd7 Qe1+ 36. Kh2 Kg7 37. Rxf8 {R+B+N - Q starker schwarzer
d-Freibauer bindet weißen R+B, N ohne Stützpunkt} Qxf2 38. Bd5 Qh4+ 39. Kg1
Qe1+ 40. Kh2 Qh4+ 41. Kg1 Qe1+ 42. Kh2 h5 43. Rxf7+ Kh6 44. Rf3 Qe2 45. Bb3 d3
46. Kg1 d2 47. Rf1 a5 48. Nf6 Qe3+ 49. Kh1 Qd4 50. Ng8+ (50. a4 Qd3 $19) 50...
Kg5 51. Nf6 a4 52. Bd1 Kh6 53. a3 Qc4 54. Kg1 Qc5+ 55. Rf2 Qc1 56. Rf1 Qxa3 57.
Kf2 (57. Ne4 Qe3+ 58. Nf2 a3 59. Bf3 a2 60. Bd5 a1=Q 61. Rxa1 Qe1+ $19) 57...
Qc5+ 58. Kf3 a3 59. g4 a2 0-1

[Event "Reggio Emilia 9596 38th"]
[Site "Reggio Emilia"]
[Date "1996.01.05"]
[Round "8"]
[White "Azmaiparashvili, Zurab"]
[Black "Godena, Michele"]
[Result "1/2-1/2"]
[WhiteElo "2620"]
[BlackElo "2420"]
[Annotator "Hecht,H"]
[PlyCount "222"]
[EventDate "1995.12.28"]
[EventType "tourn"]
[EventRounds "9"]
[EventCountry "ITA"]
[EventCategory "14"]
[SourceTitle "CBM 051"]
[Source "ChessBase"]
[SourceDate "1996.04.01"]
[SourceVersion "1"]
[SourceVersionDate "1996.04.01"]
[SourceQuality "1"]

1. e4 {Endspiel-CD} e5 2. Nf3 Nc6 3. d4 exd4 4. Nxd4 Nge7 5. Be3 Nxd4 6. Qxd4
Nc6 7. Qd2 Bb4 8. c3 Ba5 9. Na3 Bb6 10. Nc4 Bxe3 11. Nxe3 d6 12. Bd3 O-O 13. f4
a5 14. O-O a4 15. Rae1 Ra5 16. Rf3 Re8 17. Nd5 Ne7 18. c4 c6 19. Nxe7+ Rxe7 20.
Bf1 Bg4 21. Rd3 Rd7 22. h3 Be6 23. Rd1 g5 24. f5 Bxc4 25. Rg3 Bxf1 26. Rxg5+
Kh8 27. Rg3 f6 28. Rxf1 Re5 29. Rf4 Rg7 30. Rd3 Qe7 31. Rd4 d5 32. Rxa4 dxe4
33. Qe3 Qc5 34. Qxc5 Rxc5 35. Raxe4 Rc2 36. Rf2 Rc1+ 37. Kh2 Rd7 38. Rfe2 Kg7
39. Re8 Kf7 40. Rh8 Kg7 41. Ree8 Kh6 42. Reg8 Rg7 43. Rxg7 Kxg7 44. Rc8 b5 45.
Rc7+ Kg8 46. b4 Rc4 47. a3 Rc3 48. Kg1 h5 49. Kf2 Kf8 50. Ke2 Ke8 51. Kf2 Kf8
52. Kf1 Kg8 53. Ke2 Kf8 54. Rh7 Rxa3 55. Rxh5 Ra2+ 56. Kf3 Ra3+ 57. Kg4 Kg7 58.
Rh4 c5 59. bxc5 Ra4+ 60. Kh5 Rxh4+ 61. Kxh4 Kf7 62. c6 Ke8 63. g4 b4 64. g5
fxg5+ 65. Kxg5 b3 66. f6 b2 67. c7 Kd7 68. f7 b1=Q 69. f8=Q Qg1+ 70. Kh5 Kxc7 {
Remis lt. ENDSPIEL-CD} 71. Qe7+ Kc6 72. h4 Qd1+ 73. Kg6 Qd3+ 74. Kg7 Kb5 75.
Qe5+ Kb4 76. h5 Qd7+ 77. Kf8 Qc8+ 78. Ke7 Qb7+ 79. Kf6 Qf3+ 80. Kg5 Qg2+ 81.
Kh4 Qh1+ 82. Kg4 Qd1+ 83. Kg5 Qg1+ 84. Kf5 Qd1 85. Qf4+ Kc3 {offenbar geschah
85...Ka3 - siehe 88...De7+} 86. h6 Qd7+ 87. Kg6 Qe8+ 88. Kg5 Qe7+ {offenbar
steht der sK auf a3, sonst gewinnt 89.Df6+} 89. Kg4 Qd7+ 90. Kg3 Qh7 91. Qd6
Kb2 92. Kf4 Qf7+ 93. Ke3 Qb3+ 94. Kd4 Qc2 (94... Qa4+ $10 {Endspiel-CD}) 95.
Kd5 (95. Qb4+ {Endspiel-CD} Ka1 96. Qc3+ $18) 95... Qd3+ 96. Kc5 Qh7 97. Kb6
Kb1 98. Qf6 Qd3 99. Qf4 Qb3+ 100. Ka5 Qd5+ 101. Kb4 Qb7+ 102. Ka3 Qa6+ 103. Kb3
Qe6+ 104. Kc3 Qc6+ 105. Kd3 Qc2+ 106. Kd4 Qb2+ 107. Kc5 Qc2+ 108. Kb5 Qe2+ 109.
Ka5 Qh5+ 110. Kb4 Qg6 111. Qb8 Qxh6 1/2-1/2

[Event "FIDE-Wch k.o."]
[Site "Moscow"]
[Date "2001.12.02"]
[Round "3.4"]
[White "Azmaiparashvili, Zurab"]
[Black "Kasimdzhanov, Rustam"]
[Result "1-0"]
[WhiteElo "2674"]
[BlackElo "2706"]
[Annotator "Hecht,H"]
[PlyCount "148"]
[EventDate "2001.11.27"]
[EventType "k.o."]
[EventRounds "7"]
[EventCountry "RUS"]
[SourceTitle "CBM 086"]
[Source "ChessBase"]
[SourceDate "2002.02.05"]
[SourceVersion "1"]
[SourceVersionDate "2002.02.05"]
[SourceQuality "1"]

1. e4 e5 2. Nf3 Nc6 3. d4 exd4 4. Nxd4 Bc5 5. Be3 Qf6 6. c3 Nge7 7. g3 d5 8.
Bg2 Nxd4 9. cxd4 Bb4+ 10. Nc3 Bxc3+ 11. bxc3 dxe4 12. Bxe4 c6 13. O-O Bf5 14.
Bg2 O-O 15. c4 Be6 16. d5 cxd5 17. cxd5 Bxd5 18. Bxd5 Rad8 19. Bd4 Qd6 20. Bxg7
Kxg7 21. Bxb7 Qb6 22. Qf3 Ng6 23. Qc3+ Qd4 24. Rfc1 Rfe8 25. Qxd4+ Rxd4 26. Rc2
Re5 27. Rb1 Ra5 28. Bf3 Ne5 29. Be2 Rd6 30. Kg2 Nc6 31. Rb7 Nd4 32. Rd2 Nf5 33.
Rdb2 Rd4 34. Rc7 Nd6 35. Rc6 Ra3 36. h4 h6 37. Bf1 Ne4 38. Ra6 Rxa6 39. Bxa6
Nc3 40. Rc2 Nd5 41. Bc4 Nb4 42. Rc3 Nd5 43. Bxd5 Rxd5 44. Ra3 a5 45. Ra4 Kf6
46. Kf3 Kf5 47. Ke3 Rb5 48. Kd3 Ke6 49. Re4+ Kd6 50. Kc3 Rb1 51. Rd4+ Ke6 52.
Rd2 Ke5 53. Re2+ Kd6 54. Re4 f5 55. Ra4 Rf1 56. Rf4 Ke5 57. Kb3 Rb1+ 58. Kc3 {
Der König sollte am Damenflügel eingesetzt werden.} (58. Ka4 $1 Rb2 59. a3 Ra2
60. h5 $22 Kf6 (60... Ra1 61. Rf3 Ke4 62. Re3+ Kd4 63. Kxa5 $18) 61. Rf3 Kg5
62. Kxa5 Kxh5 63. a4 Kg5 64. Kb4 $18) 58... Rc1+ 59. Kd2 Rf1 60. Ke2 Rc1 61.
Ra4 Rc5 62. Kd3 Kd5 63. Rd4+ Ke5 64. Rd8 Rb5 65. Ra8 h5 66. Ke3 Rc5 67. a4 Rc3+
68. Ke2 Rc5 69. Kf3 Rc3+ 70. Kg2 Rc5 71. Kh3 Kf6 72. Ra6+ Ke5 73. Kg2 f4 74.
Rh6 Kd4 {Timeout?!?} (74... Kd4 75. Rd6+ Kc3 76. gxf4 Rc4 77. Rd5 Rxa4 78. Rxh5
{sieht aber nach Gewinn für Weiß aus.}) 1-0

[Event "EU-chT (Men) 11th"]
[Site "Pula"]
[Date "1997.05.??"]
[Round "4.3"]
[White "Nedev, Trajce"]
[Black "Allahverdiyev, Anar"]
[Result "0-1"]
[WhiteElo "2475"]
[BlackElo "2380"]
[Annotator "Hecht,H"]
[PlyCount "128"]
[EventDate "1997.05.05"]
[EventType "team-swiss"]
[EventRounds "9"]
[EventCountry "CRO"]
[SourceTitle "CBM 057 Extra"]
[Source "ChessBase"]
[SourceDate "1997.05.01"]
[SourceVersion "1"]
[SourceVersionDate "1997.05.01"]
[SourceQuality "1"]
[WhiteTeam "Macedonia"]
[BlackTeam "Azerbaijan"]
[WhiteTeamCountry "MKD"]
[BlackTeamCountry "AZE"]

1. e4 e5 2. Nf3 Nc6 3. d4 exd4 4. Nxd4 Bc5 5. Be3 Qf6 6. c3 Nge7 7. Bc4 Ne5 8.
Be2 Qg6 9. O-O d5 10. Bh5 Bg4 11. Bxg6 Bxd1 12. Bxf7+ Kxf7 13. Rxd1 Nc4 14. b4
Nxe3 15. fxe3 Bb6 16. Nd2 Rhe8 17. c4 dxc4 18. Nxc4 Rad8 19. Nb5 a6 20. Nc3 Ba7
21. Kf2 Nc6 22. a3 b5 23. Nb2 Ne5 24. h3 c5 25. bxc5 Bxc5 26. a4 Rxd1 27. Ncxd1
b4 28. Rc1 Bd6 29. Ke2 Ke7 30. Nd3 Nxd3 31. Kxd3 Rd8 32. Rc4 Be5+ 33. Kc2 b3+
34. Kc1 Rd3 35. Rb4 Bd6 36. Rb7+ Ke6 37. Rb6 Kd7 38. Nb2 Ba3 39. e5 Rc3+ 40.
Kb1 Rxe3 41. Nd1 Re1 42. Rxb3 Rxd1+ {Dieses Endspiel, in dem alsbald alle
schwarzen Bauen bis auf den a-Bauern verlorengehen, habe ich nur wegen des
netten taktischen Witzes im 61.Zug aufgenommen. Dafür auch die Medaille.} 43.
Kc2 Rc1+ 44. Kd2 Ra1 45. Rb7+ Ke6 46. Rxg7 Bb2 47. Rxh7 Rxa4 48. Rh6+ Kxe5 49.
Kc2 Bd4 50. Kb3 Ra1 51. h4 a5 52. h5 a4+ 53. Kc4 a3 54. Rh8 Bb2 55. Kb3 Rh1 56.
g4 Rh3+ 57. Ka2 {[#] Die Bindung von Läufer und Bauer stellt den Schwarzen vor
einige technische Probleme. Die Lösung im 61.Zug ist taktischer Natur:
Mattangriff mit T+L (ohne Bauer).} Bc1 58. Ra8 Ke4 59. Ra7 Rh2+ 60. Kb1 Bb2 61.
Ra6 Bc3 $1 62. h6 (62. Rxa3 Rb2+ 63. Kc1 (63. Ka1 Kd3 64. g5 Rf2+ (64... Kc2 $4
65. Ra2 $11) 65. Kb1 Rf1+ 66. Ka2 Kc2 67. Rxc3+ Kxc3 68. g6 Rg1 $19) 63... Kd3
64. Ra8 Rg2 65. Rd8+ Bd4 66. Kb1 Rb2+ 67. Kc1 Ra2 68. Rb8 Rh2 69. Kb1 (69. Rb3+
Bc3 70. Kb1 Rh1+ 71. Ka2 Ra1#) 69... Rh1+ 70. Ka2 Ra1+ 71. Kb3 Rb1+ $19) 62...
Rb2+ 63. Kc1 a2 64. g5 Rb1+ 0-1